| 000 | 00999cab a2200277 4500 | ||
|---|---|---|---|
| 001 | ABS55581 | ||
| 008 | 090401t1996 xxu||||| |||| 00| 0 eng d | ||
| 035 | _a(Sirsi) u17414 | ||
| 041 | _aeng | ||
| 100 | _aGraham, T. | ||
| 245 | _aContaminated land investigations - how will they work under PPG23? | ||
| 260 | _c1996 | ||
| 350 | _a0 | ||
| 490 |
_aJournal of Planning and Environment Law _vJuly 1996, 547-553(7) |
||
| 520 | _aDiscusses how contaminated land investigations will operate under PPG23. Concludes that the `suitable for use` approach needs to be clarified and that clear cut advice should be included on the assessment of off-site impacts and after-care policy. | ||
| 650 | _aBROWNFIELD SITES | ||
| 650 | _aCONTAMINATED LAND | ||
| 650 | _aPLANNING CONTROL | ||
| 650 | _aPOLLUTION CONTROL | ||
| 650 | _aPPG23 | ||
| 650 | _aSUITABLE FOR USE | ||
| 690 | _aENVIRONMENTAL AND LAND CONSULTANCY | ||
| 690 | _aPLANNING LAW AND PRACTICE | ||
| 942 | _n0 | ||
| 948 | _c04/03/1997 | ||
| 999 |
_c11551 _d11551 |
||